000 00613nam a2200181 i 4500
001 77106
003 ES-MaACL
005 20251115063242.0
007 t|
008 041006q1945 sp ||||1| spa d
100 1 _aGutiérrez Ballesteros, José María,
_cConde de Colombí
_961094
245 1 0 _aAl son... de la prima y el bordón!
_b: libro de poesías populares /
_cJosé María Gutierrez Ballesteros, Conde de Colombí.
250 _a2ª ed.
260 _a[S.l. :
_bs.n.,
_c1945?] (
_fImp. Moderna)
300 _a154 p. ;
_c17 cm.
852 _aES-MaACL
_jC-8029
_bR.35688
999 _c77106
_d77106